Verejná budova pre mesto Hviezdoslavov
Saved in:
| Main Author: | |
|---|---|
| Other Authors: | |
| Format: | Manuscript Book |
| Language: | Slovak |
| Published: |
2025
|
| Subjects: | |
| Online Access: | http://is.stuba.sk/zp/portal_zp.pl?podrobnosti=185566 |
| Tags: |
No Tags, Be the first to tag this record!
|
MARC
| LEADER | 00000ntm a22000003a 4500 | ||
|---|---|---|---|
| 001 | stuzp105211 | ||
| 003 | SK-STU | ||
| 005 | 20250607211309.4 | ||
| 007 | ta | ||
| 008 | 150427s2015----xo-----f-mn---000-0-slo-d | ||
| 040 | |a STU |b slo | ||
| 041 | 0 | |a slo | |
| 100 | 1 | |a Mitrová, Viktória |u 052120 |4 aut |U FAD Fakulta architektúry a dizajnu |T FAD Ústav ekologickej a experimentálnej architektúry |X 103817 |U A2120 |Y 393 |7 103817 | |
| 242 | 0 | 1 | |a Public Building for the City of Hviezdoslavov |y eng |
| 245 | 1 | 0 | |a Verejná budova pre mesto Hviezdoslavov |
| 260 | |c 2025 | ||
| 650 | 4 | |a town hall |2 eng | |
| 650 | 4 | |a identity |2 eng | |
| 650 | 4 | |a brick |2 eng | |
| 650 | 4 | |a identita |2 slo | |
| 650 | 4 | |a tehla |2 slo | |
| 650 | 4 | |a radnica |2 slo | |
| 700 | 1 | |a Uhrík, Martin |u 052120 |k Z1 |4 ths |U FAD Fakulta architektúry a dizajnu |T FAD Ústav ekologickej a experimentálnej architektúry |X 3746 |U A2120 |Y 393 |7 A000003746 | |
| 856 | 4 | |u http://is.stuba.sk/zp/portal_zp.pl?podrobnosti=185566 | |